Historic building conservation (Record no. 110120)
[ view plain ]
| 000 -LEADER | |
|---|---|
| fixed length control field | 01477cam a22003015a 4500 |
| 001 - CONTROL NUMBER | |
| control field | E148597 |
| 008 - FIXED-LENGTH DATA ELEMENTS--GENERAL INFORMATION | |
| fixed length control field | 091012s2009 xxk f 000 0 eng d |
| 020 ## - INTERNATIONAL STANDARD BOOK NUMBER | |
| International Standard Book Number | 9781842195062 |
| 035 ## - SYSTEM CONTROL NUMBER | |
| System control number | (Sirsi) u148597 |
| 041 0# - LANGUAGE CODE | |
| Language code of text/sound track or separate title | eng |
| 050 04 - LIBRARY OF CONGRESS CALL NUMBER | |
| Classification number | 690.241 $2 18 |
| 110 2# - MAIN ENTRY--CORPORATE NAME | |
| Corporate name or jurisdiction name as entry element | Royal Institution of Chartered Surveyors |
| 9 (RLIN) | 4900 |
| 245 00 - TITLE STATEMENT | |
| Title | Historic building conservation |
| Remainder of title | RICS guidance note |
| Medium | [archived] |
| 260 ## - PUBLICATION, DISTRIBUTION, ETC. | |
| Place of publication, distribution, etc. | Coventry |
| Name of publisher, distributor, etc. | RICS |
| Date of publication, distribution, etc. | 2009 |
| 300 ## - PHYSICAL DESCRIPTION | |
| Extent | vi, 36p. |
| Dimensions | 30cm. |
| 490 #0 - SERIES STATEMENT | |
| Series statement | RICS Guidance Note |
| 505 2# - FORMATTED CONTENTS NOTE | |
| Formatted contents note | Philosophy -- Conservation plans -- Survey and inspection -- Maintenance management for heritage buildings -- Projects -- Appendices |
| 520 ## - SUMMARY, ETC. | |
| Summary, etc. | Sets out best practice in the field of building conservation to assist surveyors who are asked to advise on aspects of works associated with a historic building or structure. Offers advice on general conservation philosophy, appraisal of a building and its environment, identification of statutory constraints and planning for existing and future maintenance regimes. |
| 520 ## - SUMMARY, ETC. | |
| Summary, etc. | Archived in 2023 due to changes in conservation philosophy and practice. New edition due in 2024 |
| 521 ## - TARGET AUDIENCE NOTE | |
| Target audience note | Advanced |
| 590 ## - LOCAL NOTE (RLIN) | |
| Local note | KA |
| 650 ## - SUBJECT ADDED ENTRY--TOPICAL TERM | |
| Topical term or geographic name entry element | CONSERVATION |
| 650 ## - SUBJECT ADDED ENTRY--TOPICAL TERM | |
| Topical term or geographic name entry element | HISTORIC BUILDINGS |
| 651 #4 - SUBJECT ADDED ENTRY--GEOGRAPHIC NAME | |
| Geographic name | United Kingdom |
| 690 ## - LOCAL SUBJECT ADDED ENTRY--TOPICAL TERM (OCLC, RLIN) | |
| Topical term or geographic name as entry element | Conservation & restoration |
| 9 (RLIN) | 6229 |
| 856 48 - ELECTRONIC LOCATION AND ACCESS | |
| Uniform Resource Identifier | <a href="https://www.isurv.com/downloads/file/1181/historic_building_conservation">https://www.isurv.com/downloads/file/1181/historic_building_conservation</a> |
| Public note | Archived on isurv (subscription required) |
| 942 ## - ADDED ENTRY ELEMENTS (KOHA) | |
| Suppress in OPAC | 0 |
| Source of classification or shelving scheme | Dewey Decimal Classification |
| Withdrawn status | Lost status | Source of classification or shelving scheme | Damaged status | Not for loan | Home library | Current library | Shelving location | Date acquired | Total Checkouts | Full call number | Barcode | Date last seen | Copy number | Price effective from | Koha item type |
|---|---|---|---|---|---|---|---|---|---|---|---|---|---|---|---|
| Dewey Decimal Classification | London | London | RICS Boxes | 21/10/2009 | RICS 2009/30 | 30076480 | 06/08/2019 | 1 | 06/08/2019 | Archive | |||||
| Dewey Decimal Classification | London | London | RICS Boxes | 04/04/2014 | RICS 2009/30 | 30076483 | 06/08/2019 | 2 | 06/08/2019 | Book | |||||
| Dewey Decimal Classification | London | London | RICS Boxes | 04/04/2014 | RICS 2009/30 | 30076482 | 06/08/2019 | 3 | 06/08/2019 | Book | |||||
| Dewey Decimal Classification | Virtual | Virtual | Online | 27/07/2023 | isurv | 27/07/2023 | 4 | 27/07/2023 | Online material |